The effect of affect in organizational settings

Αποθηκεύτηκε σε:
Λεπτομέρειες βιβλιογραφικής εγγραφής
Συγγραφή απο Οργανισμό/Αρχή: International Conference on Emotions and Organizational Life
Άλλοι συγγραφείς: Ashkanasy, Neal M. 1945- (Επιμελητής έκδοσης), Werbe, W. J. (Επιμελητής έκδοσης), Hartel, Charmine E. J. 1959- (Επιμελητής έκδοσης)
Μορφή: Βιβλίο
Γλώσσα:English
Δημοσίευση: Amsterdam : Elsevier, 2005
Σειρά:Research on emotion in organizations ; ; 1
Θέματα:
Ετικέτες: Προσθήκη ετικέτας
Δεν υπάρχουν, Καταχωρήστε ετικέτα πρώτοι!

MARC

LEADER 00000nam a2200000 i 4500
001 1/72891
008 080129s2005 eng d
020 |a 0-7623-1234-3 
035 |l 10094243 
040 |a GR-MY-UA  |b gre  |e aacr 
041 0 |a eng 
082 0 |a 158.7  |2 (22) 
245 1 4 |a The effect of affect in organizational settings /  |c edited by Neal M. Ashkanasy, Wilfred J. Zerbe, Charmine E. J. Hartel 
260 |a Amsterdam :   |b Elsevier,   |c 2005 
300 |a xix, 314 σ.;  |c 24 εκ. 
490 1 |a Research on emotion in organizations  |v ; 1 
500 |a Συλλογή από τα πρακτικά του 4ου συνέδριου "On Emotions and Organizational Life", το οπόιο πραγματοποιήθηκε στο Λονδίνο, τον Ιούνιο του 2004 
504 |a Περιλαμβάνει βιβλιογραφίες 
650 0 0 |a Organizational behavior. 
650 0 0 |a Affect (Psychology) 
650 0 0 |a Work environment. 
700 1 |a Ashkanasy, Neal M.  |d 1945-  |4 edt 
700 1 |a Werbe, W. J.  |4 edt 
700 1 |a Hartel, Charmine E. J.  |d 1959-  |4 edt 
710 2 |a International Conference on Emotions and Organizational Life. 
830 0 |a Research on emotion in organizations ;  |v ; 1 
852 |a INST  |b SYROS  |e 20080129  |h 158.7 EFF  |p 005500006619  |q 005500006619  |t BK  |y 0 
901 |a BIBL5-2008-1 
909 |a Ε  |b 143327 
922 |a 5ΕΛΗ  |b 200712  |c ΕΠΕΑΕΚ2/ΤΜΣΠΣ  |d ΠΑΠΑΣΩΤΗΡΙΟΥ 
970 |a ΚΟΝΤΟΥ  |b ΠΑΡΑΣΚΕΥΗ  |z 2008/01/29